Szczegóły MARC21

Gedichte ; Fabeln ; Lustspiele /

003 -Nazwa inst., której nr kontr. jest w polu 001 [,]
    • @
    • Nazwa instytucji, której n kontrolny jest w polu 001
    • NUKAT
005 -DATA I CZAS OSTATNIEJ MODYFIKACJI [,]
    • @
    • pole kontrolne
    • 20241231100529.0
040 -Instytucja sporządzająca opis [ , ]
    • a
    • Instytucja, która sporządziła opis (NP)
    • WA U/70AO
    • c
    • Instytucja, która sporządziła rekord (NP)
    • WA U/AO
    • d
    • Instytucja, która zmodyfikowała rekord (P)
    • WA U/AO
942 -Rodzaj dokumentu [ , ]
    • c
    • Rodzaj dokumentu
    • Książka
100 -Hasło główne - nazwa osobowa [1, ]
    • a
    • Nazwa osobowa (NP)
    • Lessing, Gotthold Ephraim
    • d
    • Daty biograficzne (NP)
    • (1729-1781).
    • 9
    • KHW
    • 19639
245 -Strefa tytułu i oznaczenia odpowiedzialności [1,0]
    • a
    • Tytuł
    • Gedichte ; Find
    • b
    • Ciąg dalszy tytułu (NP)
    • Fabeln ; Lustspiele / Find
    • c
    • Pozostałe elementy strefy tytułu i oznaczenia odpowiedzialności (NP)
    • Gotthold Ephraim Lessing.
260 -Strefa adresu wydawniczego [ , ]
    • a
    • Miejsce wydania (P)
    • München :
    • b
    • Nazwa wydawcy (P)
    • Hanser,
    • c
    • Data wydania (P)
    • cop. 1970.
300 -Strefa opisu fizycznego [ , ]
    • a
    • Określenie formy książki i/lub objętość (NP)
    • 793 s. ;
    • c
    • Format (NP)
    • 19 cm.
336 -Typ zawartości [ , ]
    • a
    • Termin opisujący typ zawartości
    • Tekst
    • b
    • Kod określający zawartość
    • txt
    • 2
    • Źródło (terminu i kodu)
    • rdacontent
337 -Typ mediów [ , ]
    • a
    • Tryb odtwarzania
    • Bez urządzenia pośredniczącego
    • b
    • Kod typu mediów
    • n
    • 2
    • Źródło (terminu i kodu)
    • rdamedia
338 -Typ/rodzaj nośnika [ , ]
    • a
    • Hasło opisujące typ nośnika
    • Wolumin
    • b
    • Kod typu nośnika
    • nc
    • 2
    • Źródło (terminu i kodu)
    • rdacarrier
490 -Strefa serii i książki wielotomowej - forma nie do wyszukiwania [1, ]
    • a
    • Tytuł (P)
    • Werke / Gotthold Ephraim Lessing ; Find
    • v
    • Numeracja (P)
    • Bd. 1
505 -Uwaga dot. zawartości książki [0, ]
    • a
    • Uwaga dot. zawartości książki
    • Der Junge Gelehrte ; Die Juden ; Misogyn ; Der Freigeist ; Der Schatz ; Minna von Barnhelm ; Damon.
080 -Uniwersalna Klasyfikacja Dziesiętna [ , ]
    • a
    • Symbol klasyfikacji
    • 830-1/-9=30
980 -Symbol UKD [ , ]
    • a
    • UKD
    • 830-1/-9=30
700 -Hasło dodatkowe - nazwa osobowa [1,2]
    • a
    • Nazwa osobowa (NP)
    • Lessing, Gotthold Ephraim Find
    • d
    • Daty biograficzne (NP)
    • (1729-1781).
    • t
    • Tytuł ujednolicony/tytuł (NP)
    • Junge Gelehrte Find
    • l
    • Język tekstu (NP)
    • (niem.)
    • 9
    • KHW
    • 469891
700 -Hasło dodatkowe - nazwa osobowa [1,2]
    • a
    • Nazwa osobowa (NP)
    • Lessing, Gotthold Ephraim Find
    • d
    • Daty biograficzne (NP)
    • (1729-1781).
    • t
    • Tytuł ujednolicony/tytuł (NP)
    • Juden Find
    • l
    • Język tekstu (NP)
    • (niem.)
    • 9
    • KHW
    • 469890
700 -Hasło dodatkowe - nazwa osobowa [1,2]
    • a
    • Nazwa osobowa (NP)
    • Lessing, Gotthold Ephraim Find
    • d
    • Daty biograficzne (NP)
    • (1729-1781).
    • t
    • Tytuł ujednolicony/tytuł (NP)
    • Misogyn Find
    • l
    • Język tekstu (NP)
    • (niem.)
    • 9
    • KHW
    • 469893
700 -Hasło dodatkowe - nazwa osobowa [1,2]
    • a
    • Nazwa osobowa (NP)
    • Lessing, Gotthold Ephraim Find
    • d
    • Daty biograficzne (NP)
    • (1729-1781).
    • t
    • Tytuł ujednolicony/tytuł (NP)
    • Freigeist Find
    • l
    • Język tekstu (NP)
    • (niem.)
    • 9
    • KHW
    • 469889
700 -Hasło dodatkowe - nazwa osobowa [1,2]
    • a
    • Nazwa osobowa (NP)
    • Lessing, Gotthold Ephraim Find
    • d
    • Daty biograficzne (NP)
    • (1729-1781).
    • t
    • Tytuł ujednolicony/tytuł (NP)
    • Schatz Find
    • l
    • Język tekstu (NP)
    • (niem.)
    • 9
    • KHW
    • 469894
700 -Hasło dodatkowe - nazwa osobowa [1,2]
    • a
    • Nazwa osobowa (NP)
    • Lessing, Gotthold Ephraim Find
    • d
    • Daty biograficzne (NP)
    • (1729-1781).
    • t
    • Tytuł ujednolicony/tytuł (NP)
    • Minna von Barnhelm Find
    • l
    • Język tekstu (NP)
    • (niem.)
    • 9
    • KHW
    • 401901
700 -Hasło dodatkowe - nazwa osobowa [1,2]
    • a
    • Nazwa osobowa (NP)
    • Lessing, Gotthold Ephraim Find
    • d
    • Daty biograficzne (NP)
    • (1729-1781).
    • t
    • Tytuł ujednolicony/tytuł (NP)
    • Damon Find
    • l
    • Język tekstu (NP)
    • (niem.)
    • 9
    • KHW
    • 469888
800 -Hasło dodatkowe opisu książki wielotomowej - nazwa osobowa [1, ]
    • a
    • Nazwa osobowa (NP)
    • Lessing, Gotthold Ephraim
    • d
    • Daty biograficzne (NP)
    • (1729-1781).
    • t
    • Tytuł ujednolicony/tytuł (NP)
    • Werke
    • v
    • Oznaczenie tomu (NP)
    • Bd. 1
    • 9
    • KHW
    • 597465
Numer inwentarzowy Status udost. Data inwentaryzacji Lokalizacja Sygnatura
G.18042-32006-03-08BMGerm. Literatura niemiecka